Lean and Agile Value Chain Management : A Guide to the Next level of Improvement (Record no. 327390)
[ view plain ]
| 000 -LEADER | |
|---|---|
| fixed length control field | 00409 a2200133 4500 |
| 001 - CONTROL NUMBER | |
| control field | 92317 |
| 003 - CONTROL NUMBER IDENTIFIER | |
| control field | NUST |
| 005 - DATE AND TIME OF LATEST TRANSACTION | |
| control field | 20180120152012.0 |
| 008 - FIXED-LENGTH DATA ELEMENTS--GENERAL INFORMATION | |
| fixed length control field | 180120b xxu||||| |||| 00| 0 eng d |
| 020 ## - INTERNATIONAL STANDARD BOOK NUMBER | |
| International Standard Book Number | 9788131515372 |
| 082 ## - DEWEY DECIMAL CLASSIFICATION NUMBER | |
| Classification number | 658.401 SAB |
| 100 ## - MAIN ENTRY--PERSONAL NAME | |
| Personal name | Ehap H. Sabri, Ph.D. ,Salim N. shaikh |
| 9 (RLIN) | 9269 |
| 245 ## - TITLE STATEMENT | |
| Title | Lean and Agile Value Chain Management : A Guide to the Next level of Improvement |
| 260 ## - PUBLICATION, DISTRIBUTION, ETC. | |
| Place of publication, distribution, etc. | India |
| Name of publisher, distributor, etc. | Cengage Learning (Pvt )Ltd |
| Date of publication, distribution, etc. | 2010 |
| 300 ## - PHYSICAL DESCRIPTION | |
| Extent | xvii,454p. |
| 942 ## - ADDED ENTRY ELEMENTS (KOHA) | |
| Institution code [OBSOLETE] | CAE NUST |
| Koha item type | Book |
| Call number prefix | 658.401 SAB |
| Source of classification or shelving scheme | |
| Withdrawn status | Lost status | Damaged status | Not for loan | Collection code | Permanent Location | Current Location | Date acquired | Total Checkouts | Full call number | Barcode | Date last seen | Price effective from | Koha item type |
|---|---|---|---|---|---|---|---|---|---|---|---|---|---|
| College of Aeronautical Engineering (CAE) | College of Aeronautical Engineering (CAE) | 04/03/2017 | 658.401 SAB | CAE88591 | 04/05/2017 | 04/05/2017 | Book |
